Electrochimie analytique et reactions en solution

Enregistré dans:
Détails bibliographiques
Auteur principal: Tremillon, Bernard (Auteur)
Format: Livre
Langue:français
Publié: París Masson 1993
Sujets:
Tags: Ajouter un tag
Pas de tags, Soyez le premier à ajouter un tag!

MARC

LEADER 00000nam a2200000 a 4500
001 UCX9373
003 CL-VaPUC
008 940601e19930000FR |||||||||||||||||fre|d
082 0 4 |a 541.37  |b TRE  |2 21 
100 0 |a Tremillon, Bernard  |e author  |9 326763 
245 1 0 |a Electrochimie analytique et reactions en solution 
300 |a 2 v 
942 |c BK 
945 |d 19940601 00:00:00  |a mfernand 
260 |a París  |b Masson  |c 1993 
500 |a v.1: Reactions en solution: traitement analytique en vue de leur exploilation dans les procedes de transformation et de separation 
650 0 |a Electroquímica  |9 263973 
583 |a last modification  |c 19940601 00:00:00  |k Rodrigo Vera 
999 |c 228633  |d 228631